000 01843nam a2200289 a 4500
001 000020272
003 DO-SdBNP
005 20260529121551.0
008 090708s2006 dr a 000 0 spa d
020 _a9993479969
040 _aDO-SdBNP
_bspa
_cBNPHU
082 _a610.724
_bG633m
100 1 _aGómez Montero, Franklin J.
_92149
245 1 0 _aManual de prácticas investigación biomédica :
_ben el contexto post-moderno /
_cFranklin J. Gómez Montero, Manuel E. Colomé Hidalgo, Héctor A. Madera Rosario.
260 _aSanto Domingo :
_bBuho,
_c2006.
300 _a98 p. :
_bil. ;
_c25 cm.
504 _aBibliografías : p. 97-98
505 0 _aMacro tendencias, nuevos paradigmas y epistemología -- Ciencia, concepto y clasificación -- Conocimiento y método científico --La investigación científica en ciencias de la salud -- El problema de investigación -- Objetivos de la investigación -- La investigación bibliográfica biomédica --Fundamentos teorías y conceptos de la investigación cientifíca -- Hipótesis en investigación -- Variables en investigación -- El diseño metodológico de la investigación -- Recolección y procesamiento de datos -- Análisis y discusón de resultados -- El protocolo de investigación -- Proyecto y diseño de la investigación en salud -- El informe final de la investigación -- La medida basada en la evidencia -- Principios éticos en la investigación biomédica.
650 0 _aCiencias médicas
_xInvestigaciones
_vManuales
_910505
650 4 _aMedicina
_xInvestigaciones
_vMANUALES
_910506
650 4 _aInvestigación científica
_vManuales
_910507
650 4 _aMetodología científica
_vMANUALES
_910508
700 1 2 _aColomé Hidalgo, Manuel E.
_92153
700 1 2 _aMadera Rosario, Héctor A.
_942901
910 _aValidado. Control de calidad MFF
942 _2ddc
_cLBS1
999 _c19776
_d19776